000 01745nam a22002177a 4500
999 _c4506
_d4506
003 OSt
005 20250226142522.0
008 250226b ||||| |||| 00| 0 eng d
020 _a9787521331226
040 _cKH8
082 _a413 YUN
100 _aYuan, Boping,
_eauthor.
245 _aOxford English -Chinese, Chinese- English Minidictionary /
_cBoping Yuan and Sally K. Church.
260 _aNew York;
_bOxford University Press ,
_c2021.
300 _a633 pages :
_c12 cm.
520 _a"Oxford English-Chinese Chinese-English Short Dictionary" is a high-quality English-Chinese-Chinese-English two-way dictionary recently launched by Oxford University Press. It maintains the Oxford Dictionary's brand characteristics of accuracy, reliability, and concise explanations, and also has the following distinctive features: 1. The English translation is authentic, the language is full of modern flavor, and all English corpus comes from the corpus. 2. The examples are rich in typical examples, close to daily life, focusing on spoken language and idiomatic usage, and examples are learned through imitation. 3. The entries collected are all core vocabulary in both English and Chinese languages, with precise and appropriate explanations, condensing the essence of English-Chinese bilingual learning. 4. The arrangement is more scientific, and all Chinese entries are marked with part of speech. 5. Highlight Chinese collocations and design unique Chinese quantifier collocations among similar dictionaries in view of the complex and difficult-to-use characteristics of Chinese quantifiers.
650 _aEnglish language
_vdictionary
650 _aChinese language
_vdictionary
700 _aChurch, Sally K. ,
_eauthor.
942 _2ddc
_cTR